000 00431nab a2200145Ia 4500
003 ES-SlBCS
005 20210601142710.0
008 140529s2011 xxu||||| |||| 00| 0 spa d
041 _aspa
100 1 _aBai, Nina
_9275894
245 0 0 _aMoradas en los árboles
_c Nina Bai
650 0 4 _aNidos
_9275895
773 0 _tInvestigacion y Ciencia (Traducción de: Scientific American)
_gnº. 419, 2011, págs. 44-45
_wRev1650
942 _cAR
999 _c680716
_d680716